Clasicos a la manera de Roman Palomar y su mariachi (Los) (Record n. 102843)
[ formato base ]
| 000 -LEADER | |
|---|---|
| fixed length control field | 01835njm a2200385Ia 4500 |
| 001 - CONTROL NUMBER | |
| control field | 55071 |
| 003 - CONTROL NUMBER IDENTIFIER | |
| control field | IT-RoPAU |
| 005 - DATE AND TIME OF LATEST TRANSACTION | |
| control field | 20220918181159.0 |
| 008 - FIXED-LENGTH DATA ELEMENTS--GENERAL INFORMATION | |
| fixed length control field | 131025s9999 xx 000 0 und d |
| 040 ## - CATALOGING SOURCE | |
| Original cataloging agency | IT-RoPAU |
| 040 ## - CATALOGING SOURCE | |
| Transcribing agency | IT-RoPAU |
| 999 ## - SYSTEM CONTROL NUMBERS (KOHA) | |
| Koha Dewey Subclass [OBSOLETE] | n.d. |
| 100 ## - MAIN ENTRY--PERSONAL NAME | |
| Personal name | Palomar Roman |
| 9 (RLIN) | 22869 |
| 100 ## - MAIN ENTRY--PERSONAL NAME | |
| Relator term | Autore musica |
| 9 (RLIN) | 22870 |
| 100 ## - MAIN ENTRY--PERSONAL NAME | |
| Miscellaneous information | Codice autore musica SPICS: 20402 |
| 9 (RLIN) | 22871 |
| 245 ## - TITLE STATEMENT | |
| Title | Clasicos a la manera de Roman Palomar y su mariachi (Los) |
| 250 ## - EDITION STATEMENT | |
| Edition statement | 2a ed. |
| 260 ## - PUBLICATION, DISTRIBUTION, ETC. (IMPRINT) | |
| Place of publication, distribution, etc. | MEXICO |
| 260 ## - PUBLICATION, DISTRIBUTION, ETC. (IMPRINT) | |
| Name of publisher, distributor, etc. | PEERLES |
| Date of publication, distribution, etc. | 1980 [1a Ed.:1979] |
| 300 ## - PHYSICAL DESCRIPTION | |
| Extent | DISCO |
| 500 ## - GENERAL NOTE | |
| General note | Arrangiamento di brani classici. |
| 505 ## - FORMATTED CONTENTS NOTE | |
| Formatted contents note | Poeta y campesino - Dos guitarras - Los Casacos - Czardas - Aires andaluces - Minueto en sol - Caballeria ligera - Marcha turcha |
| 511 ## - PARTICIPANT OR PERFORMER NOTE | |
| Participant or performer note | Roman Palomar su Mariachi |
| 650 ## - SUBJECT ADDED ENTRY--TOPICAL TERM | |
| Topical term or geographic name as entry element | ARRANGIAMENTI [DISCHI] |
| Relator term | Codice MATERIA SPICS: 9950 |
| 9 (RLIN) | 10178 |
| 700 ## - ADDED ENTRY--PERSONAL NAME | |
| Personal name | Palomar Roman |
| Miscellaneous information | Codice interprete SPICS: 20402 |
| Relator term | Interprete |
| 9 (RLIN) | 22872 |
| 700 ## - ADDED ENTRY--PERSONAL NAME | |
| Personal name | Palomar Roman |
| Miscellaneous information | Codice autore musica SPICS: 20402 |
| Relator term | Autore musica |
| Name of part/section of a work | Poeta y campesino |
| 9 (RLIN) | 22873 |
| 700 ## - ADDED ENTRY--PERSONAL NAME | |
| Personal name | Suppé Franz Von |
| Miscellaneous information | Codice autore musica SPICS: 8215 |
| Relator term | Autore musica |
| Name of part/section of a work | Poeta y campesino - Caballeria ligera |
| 9 (RLIN) | 22874 |
| 700 ## - ADDED ENTRY--PERSONAL NAME | |
| Personal name | Horlik |
| Miscellaneous information | Codice autore musica SPICS: 20403 |
| Relator term | Autore musica |
| Name of part/section of a work | Dos guitarras |
| 9 (RLIN) | 22875 |
| 700 ## - ADDED ENTRY--PERSONAL NAME | |
| Personal name | Palomar Rafael |
| Miscellaneous information | Codice autore musica SPICS: 20404 |
| Relator term | Autore musica |
| Name of part/section of a work | Los Casacos |
| 9 (RLIN) | 22876 |
| 700 ## - ADDED ENTRY--PERSONAL NAME | |
| Personal name | Monti Vittorio |
| Miscellaneous information | Codice autore musica SPICS: 13788 |
| Relator term | Autore musica |
| Name of part/section of a work | Czardas |
| 9 (RLIN) | 22877 |
| 700 ## - ADDED ENTRY--PERSONAL NAME | |
| Personal name | Gomez Guillermo |
| Miscellaneous information | Codice autore musica SPICS: 20405 |
| Relator term | Autore musica |
| Name of part/section of a work | Aires andaluces |
| 9 (RLIN) | 22878 |
| 700 ## - ADDED ENTRY--PERSONAL NAME | |
| Personal name | Beethoven Ludwig Van |
| Miscellaneous information | Codice autore musica SPICS: 10721 |
| Relator term | Autore musica |
| Name of part/section of a work | Minueto en sol |
| 9 (RLIN) | 22879 |
| 700 ## - ADDED ENTRY--PERSONAL NAME | |
| Personal name | Mozart Wolfgang Amadeus |
| Miscellaneous information | Codice autore musica SPICS: 3486 |
| Relator term | Autore musica |
| Name of part/section of a work | Marcha turcha |
| 9 (RLIN) | 22880 |
| 942 ## - ADDED ENTRY ELEMENTS (KOHA) | |
| Koha item type | DISCHI |
| Source of classification or shelving scheme | Dewey Decimal Classification |
| Withdrawn status | Lost status | Damaged status | Not for loan | Home library | Current library | Date acquired | Total Checkouts | Full call number | Date last seen | Price effective from | Koha item type | Public note |
|---|---|---|---|---|---|---|---|---|---|---|---|---|
| Buone Condizioni | Not For Loan | SPICS-MEDIATECA | SPICS-MEDIATECA | 25/10/2013 | 55071 | 25/10/2013 | 25/10/2013 | DISCHI | Progr. Ins.: 15475 / N.Vol.: 1 / Copie: 1 - Copia rara: n.d. / date import: 01.01.2014 - By Epidotti, Trombetti, Vaglietti |